[Event "VIE-ch U11"]
[Site "Hai Phong"]
[Date "2018.07.11"]
[Round "7"]
[White "Nguyen, Duc Phat"]
[Black "Le, Phuc Tan"]
[Result "0-1"]
[WhiteElo "1876"]
[BlackElo "1864"]
[PlyCount "46"]
[EventDate "2018.07.07"]
[EventType "swiss"]
[EventRounds "9"]
[EventCountry "VIE"]
[SourceTitle "EXT 2019"]
[Source "ChessBase"]
[SourceDate "2018.10.10"]
[SourceVersion "1"]
[SourceVersionDate "2018.10.10"]
[SourceQuality "1"]

1. d4 e6 2. Bf4 d5 3. Nf3 Nf6 4. e3 Bd6 5. c3 0-0 6. Bd3 c6 7. 0-0 Nbd7 8. Nbd2 b6 9. Rc1 Bb7 10. Re1 c5 11. c4 Rc8 12. Nb3 h6 13. h3 Qe7 14. Nbd2 Rfd8 15. Nf1 Ne8 16. Ng3 dxc4 17. Bxc4 cxd4 18. exd4 Bxf3 19. Qxf3 Bxf4 20. Qxf4 Nf8 21. Nf1 Qb4 22. Bb3 Rxc1 23. Rxc1 Rxd4 0-1